000 00863cab a2200241 4500
001 ABS54720
008 090401t1996 xxu||||| |||| 00| 0 eng d
035 _a(Sirsi) u11963
041 _aeng
100 _aTarbert, H.
245 _aIs commercial property a hedge against inflation? A cointegration approach
260 _c1996
350 _a0
490 _aJournal of Property Finance
_v7(1) 1996, 77-98(12)
520 _aDiscusses whether commercial property is a hedge against inflation. Includes appendices on testing the data for order of integration and full results of Famma-type regression for 1978-1995. References.
650 _aPROPERTY-COMMERCIAL PROPERTY
650 _aFAMMA-TYPE REGRESSION
650 _aHEDGING METHODS
650 _aINFLATION
690 _aPROPERTY-PROPERTY FINANCE AND INVESTMENT
942 _n0
948 _c04/03/1997
999 _c7647
_d7647